<?xml version="1.0" encoding="UTF-8"?>
<record
    xmlns:xsi="http://www.w3.org/2001/XMLSchema-instance"
    xsi:schemaLocation="http://www.loc.gov/MARC21/slim http://www.loc.gov/standards/marcxml/schema/MARC21slim.xsd"
    xmlns="http://www.loc.gov/MARC21/slim">

  <leader>01167cam a2200349   4500</leader>
  <datafield tag="999" ind1=" " ind2=" ">
    <subfield code="c">23399</subfield>
    <subfield code="d">23399</subfield>
  </datafield>
  <controlfield tag="001">vtls011999462</controlfield>
  <controlfield tag="005">20221006124906.0</controlfield>
  <controlfield tag="008">201022s2020    xo     gr     000 f slo  </controlfield>
  <datafield tag="020" ind1=" " ind2=" ">
    <subfield code="a">9788055644639</subfield>
    <subfield code="q">(viazan&#xE9;)</subfield>
  </datafield>
  <datafield tag="040" ind1=" " ind2=" ">
    <subfield code="a">ZKSE</subfield>
    <subfield code="b">slo</subfield>
    <subfield code="c">ZKSE</subfield>
    <subfield code="d">SNK</subfield>
    <subfield code="e">rda</subfield>
  </datafield>
  <datafield tag="041" ind1="1" ind2=" ">
    <subfield code="a">slo</subfield>
    <subfield code="h">eng</subfield>
  </datafield>
  <datafield tag="044" ind1=" " ind2=" ">
    <subfield code="a">xo</subfield>
    <subfield code="c">SK</subfield>
  </datafield>
  <datafield tag="072" ind1=" " ind2="7">
    <subfield code="a">821.111(73)-3</subfield>
    <subfield code="x">Americk&#xE1; pr&#xF3;za</subfield>
    <subfield code="2">konspekt</subfield>
  </datafield>
  <datafield tag="080" ind1=" " ind2=" ">
    <subfield code="a">821.111(73)-31</subfield>
    <subfield code="2">2011</subfield>
  </datafield>
  <datafield tag="080" ind1=" " ind2=" ">
    <subfield code="a">(0:82-311.6)</subfield>
    <subfield code="2">2011</subfield>
  </datafield>
  <datafield tag="100" ind1="1" ind2=" ">
    <subfield code="a">Harris, Robert,</subfield>
    <subfield code="d">1957-</subfield>
    <subfield code="4">aut</subfield>
    <subfield code="9">3621</subfield>
  </datafield>
  <datafield tag="240" ind1="1" ind2="0">
    <subfield code="a">Fatherland</subfield>
    <subfield code="l">Slovensky</subfield>
  </datafield>
  <datafield tag="245" ind1="1" ind2="0">
    <subfield code="a">Vaterland</subfield>
    <subfield code="b">v&#xED;&#x165;azn&#xE1; r&#xED;&#x161;a</subfield>
    <subfield code="c">Robert Harris ; z angli&#x10D;tiny prelo&#x17E;il Viktor Krupa</subfield>
  </datafield>
  <datafield tag="264" ind1=" " ind2="1">
    <subfield code="a">Bratislava</subfield>
    <subfield code="b">Slovart</subfield>
    <subfield code="c">2020</subfield>
  </datafield>
  <datafield tag="300" ind1=" " ind2=" ">
    <subfield code="a">319 str&#xE1;n</subfield>
    <subfield code="c">24 cm</subfield>
  </datafield>
  <datafield tag="336" ind1=" " ind2=" ">
    <subfield code="a">text</subfield>
    <subfield code="b">txt</subfield>
    <subfield code="2">rdacontent</subfield>
  </datafield>
  <datafield tag="337" ind1=" " ind2=" ">
    <subfield code="a">bez m&#xE9;dia</subfield>
    <subfield code="b">n</subfield>
    <subfield code="2">rdamedia</subfield>
  </datafield>
  <datafield tag="338" ind1=" " ind2=" ">
    <subfield code="a">zv&#xE4;zok</subfield>
    <subfield code="b">nc</subfield>
    <subfield code="2">rdacarrier</subfield>
  </datafield>
  <datafield tag="500" ind1=" " ind2=" ">
    <subfield code="a">Obsahuje biografick&#xE9; &#xFA;daje o autorovi na z&#xE1;lo&#x17E;ke prebalu publik&#xE1;cie</subfield>
  </datafield>
  <datafield tag="655" ind1=" " ind2="7">
    <subfield code="a">americk&#xE9; rom&#xE1;ny</subfield>
    <subfield code="2">SNKPH</subfield>
    <subfield code="9">2</subfield>
  </datafield>
  <datafield tag="655" ind1=" " ind2="7">
    <subfield code="a">vojnov&#xE9; rom&#xE1;ny</subfield>
    <subfield code="2">SNKPH</subfield>
    <subfield code="9">3067</subfield>
  </datafield>
  <datafield tag="655" ind1=" " ind2="7">
    <subfield code="a">American novels</subfield>
    <subfield code="2">SNKPHeng</subfield>
    <subfield code="9">1670</subfield>
  </datafield>
  <datafield tag="655" ind1=" " ind2="7">
    <subfield code="a">War novels</subfield>
    <subfield code="2">SNKPHeng</subfield>
    <subfield code="9">3068</subfield>
  </datafield>
  <datafield tag="700" ind1="1" ind2=" ">
    <subfield code="a">Krupa, Viktor,</subfield>
    <subfield code="d">1936-2021</subfield>
    <subfield code="4">trl</subfield>
    <subfield code="9">3622</subfield>
  </datafield>
  <datafield tag="958" ind1=" " ind2=" ">
    <subfield code="a">LX</subfield>
  </datafield>
  <datafield tag="958" ind1=" " ind2=" ">
    <subfield code="a">UP</subfield>
  </datafield>
  <datafield tag="952" ind1=" " ind2=" ">
    <subfield code="0">0</subfield>
    <subfield code="1">0</subfield>
    <subfield code="2">udc</subfield>
    <subfield code="4">0</subfield>
    <subfield code="7">0</subfield>
    <subfield code="8">K</subfield>
    <subfield code="a">10000</subfield>
    <subfield code="b">10000</subfield>
    <subfield code="d">2022-10-06</subfield>
    <subfield code="g">9.00</subfield>
    <subfield code="i">21732</subfield>
    <subfield code="l">4</subfield>
    <subfield code="m">2</subfield>
    <subfield code="o">B10543</subfield>
    <subfield code="p">B10543</subfield>
    <subfield code="r">2025-09-10</subfield>
    <subfield code="s">2025-09-05</subfield>
    <subfield code="w">2022-10-06</subfield>
    <subfield code="y">KLDO</subfield>
  </datafield>
</record>
